01619cam a22003375i 4500999001700000001001000017003000900027005001700036008004100053020002500094040004500119082002000164245008700184250002000271264004100291300006600332336002600398337002800424338002700452490002300479504005100502520037000553650003000923650004300953653003300996700003001029700004101059700003501100942001201135952013401147 c27655d27626018567354EG-ScBUE20191024151837.0171020s2018 enka f b 001 0 eng d a9781137603517 (pbk.) aStDuBDSbengerdacStDuBDSdUkdEG-ScBUE04a320.01bTHE22200aTheory and methods in political science /cedited by David Marsh and Gerry Stoker. aFourth edition. 1aLondon :bPalgrave Macmillan,c2018. axviii, 391 pages :billustrations (black and white) ;c24 cm. atext2rdacontentbtxt aunmediated2rdamediabn avolume2rdacarrierbnc0 aPolitical analysis aIncludes bibliographical references and index. aThis leading text provides an ideal foundation for study and research in political science, bringing together renowned figures in the field to introduce the key approaches and methods used in the study of politics. The fully revised fourth edition features a considerable updating in the team of contributors and the range of coverage and examples. Lowndes, Vivien. 7aPolitical science.2BUEsh 7aPolitical sciencexMethodology.2BUEsh bBUSBOLbMASPPSScOctober20191 aLowndes, Vivien,eeditor.1 aMarsh, David,d1946-eeditor.9125611 aStoker, Gerry,eeditor.912562 2ddccBB 00102ddc40708BaccahaMAINbMAINc1STd2019-09-26ePurchaseg590.00l0o320.01 THEp000048120r2025-07-15 00:00:00v737.50yBB